1060 1860 1468 1956 1458 1759 1441 1245 1685 1160 1637 1899 1582 1223 1929 1096 1730 1902 1789 1980 1723 1862 1034 1491 1529 1261 1023 1129 1281 1583 1778 1199 1635 1705 1958 1670 1421 1845 1639 1176 1988 1335 1599 1618 1816 1090 1881 1101 1390 1939 1490 1029 1141 1368 1210 1949 1984 1210 1747 1462 1028 1156 1842 1424 1064 1580 1973 1467 1483 1894 1380 1893 1125 1946 1931 1436 1960 1869 1851 1033 1657 1470 1222 1743 1772 1399 1479 1515 1395 1478 1868 1285 1506 1629 1447 1271 1276 1733 1677 BCNSPRNW ULIB Ver.6.0+V

เปลี่ยนเป็นภาษาไทย

Change to English
 แสดงรายละเอียดบรรณานุกรม
  กลับหน้าหลัก

Brief Record : Get Marc (ISO 2709) : E-mail record : QR code < ปิดหน้าต่าง
LEADER : 00000nam 2200000uu 4500
001    13399124095
003     ULIB
008    150115s2555||||th 000 0 tha d
020    ^a9786167322445
060  4 ^aWG169^bจ154ศ
100    ^aจรัญ สายะสถิตย์
245    ^aศัลยศาสตร์โรคหัวใจที่พบบ่อย =^bCommon cardiac surgery /^cเรียบเรียงโดย จรัญ สายะสถิตย์
250    ^aพิมพ์ครั้งที่ 1
260    ^aกรุงเทพฯ :^bศูนย์โรคหัวใจ คณะแพทยศาสตร์ มหาวิทยาลัยนเรศวร,^c2555
300    ^a136 หน้า;^b29.5 ซม.
650    ^aโรคหัวใจ^xศัลยศาสตร์
710    ^aมหาวิทยาลัยนเรศวร.^bคณะแพทยศาสตร์.^bศูนย์โรคหัวใจ
945    ^p250^l0^i038267
945    ^p250^l0^i038268
945    ^p250^l0^i038269
945    ^p250^l0^i038270
945    ^p250^l0^i038271
945    ^p250^l0^i038272
945    ^p250^l0^i038273
945    ^p250^l0^i038274
999    ^aกมลทิพย์ ธนสารสุธี
รายการนี้ยังไม่มีแท็ก
คุณยังไม่ได้ล็อกอิน คุณสามารถมีกิจกรรมร่วมกับเว็บไซต์ได้ แต่ต้องล็อกอินก่อน ::
  ล็อกอิน

รายการสื่อสารสนเทศ

ลำดับที่ ประเภท เลขเรียก/บาร์โค้ด สถานที่ สถานะ
1. วิทยาศาสตร์การแพทย์ และสุขภาพ
หนังสือสำรอง
สถานะ=หนังสือสำรอง
WG169 จ154ศ ฉ.1 
  Barcode: 038267
ห้องสมุดวิทยาเขตสวรรค์ประชารักษ์
►ส่วนจัดเก็บหนังสือเก่า สปร
บนชั้น
  ขอยืม
2. วิทยาศาสตร์การแพทย์ และสุขภาพ
วิทยาศาสตร์การแพทย์ และสุขภาพ
WG169 จ154ศ ฉ.2 
  Barcode: 038268
ห้องสมุดวิทยาเขตสวรรค์ประชารักษ์
►ส่วนจัดเก็บหนังสือเก่า สปร
บนชั้น
  ขอยืม
3. วิทยาศาสตร์การแพทย์ และสุขภาพ
วิทยาศาสตร์การแพทย์ และสุขภาพ
WG169 จ154ศ ฉ.3 
  Barcode: 038269
ห้องสมุดวิทยาเขตสวรรค์ประชารักษ์
►ส่วนจัดเก็บหนังสือเก่า สปร
บนชั้น
  ขอยืม
4. วิทยาศาสตร์การแพทย์ และสุขภาพ
วิทยาศาสตร์การแพทย์ และสุขภาพ
WG169 จ154ศ ฉ.4 
  Barcode: 038270
ห้องสมุดวิทยาเขตสวรรค์ประชารักษ์
►ส่วนจัดเก็บหนังสือเก่า สปร
บนชั้น
  ขอยืม
5. วิทยาศาสตร์การแพทย์ และสุขภาพ
วิทยาศาสตร์การแพทย์ และสุขภาพ
WG169 จ154ศ ฉ.5 
  Barcode: 038271
ห้องสมุดวิทยาเขตสวรรค์ประชารักษ์
►ส่วนจัดเก็บหนังสือเก่า สปร
บนชั้น
  ขอยืม
6. วิทยาศาสตร์การแพทย์ และสุขภาพ
วิทยาศาสตร์การแพทย์ และสุขภาพ
WG169 จ154ศ ฉ.6 
  Barcode: 038272
ห้องสมุดวิทยาเขตสวรรค์ประชารักษ์
►ส่วนจัดเก็บหนังสือเก่า สปร
บนชั้น
  ขอยืม
7. วิทยาศาสตร์การแพทย์ และสุขภาพ
วิทยาศาสตร์การแพทย์ และสุขภาพ
WG169 จ154ศ ฉ.7 
  Barcode: 038273
ห้องสมุดวิทยาเขตสวรรค์ประชารักษ์
►ส่วนจัดเก็บหนังสือเก่า สปร
บนชั้น
  ขอยืม
8. วิทยาศาสตร์การแพทย์ และสุขภาพ
วิทยาศาสตร์การแพทย์ และสุขภาพ
WG169 จ154ศ ฉ.8 
  Barcode: 038274
ห้องสมุดวิทยาเขตสวรรค์ประชารักษ์
►ส่วนจัดเก็บหนังสือเก่า สปร
บนชั้น
  ขอยืม

รายการใกล้เคียง
    ผู้แต่ง [จรัญ สายะสถิตย์]

BibComment


ยังไม่เคยถูกคอมเมนท์

คอมเมนท์ทรัพยากรรายการนี้
  คอมเมนท์: ศัลยศาสตร์โรคหัว..


 Copyright 2026. Bcnsprnw @Library